000 00694cam a22002174a 4500
005 20250605164249.0
008 250528s ||||||||||||||||||||||||d
035 _a21672
020 _a9789602871188
040 _aGR-AtMCL
_bgre
_dGR-AtMCL
_eAACR2
245 1 _aΣΤΟΙΧΕΙΑ ΚΛΙΝΙΚΗΣ ΦΥΣΙΚΟΘΕΡΑΠΕΥΤΙΚΗΣ ΑΤΟΜΩΝ ΤΡΙΤΗΣ ΗΛΙΚΙΑΣ
250 _a1
260 _bΑ.Τ.Ε.Ι. Θεσσαλονικης,
_c2009
300 _a108
700 1 _aΙακωβιδης Παρης
_97611
700 1 _aΙατριδου Γεωργια
_97612
700 1 _aΠορφυριαδου Ανθη
_97613
942 _cBK
999 _c6733
_d6733